000 00701nam a2200253Ia 4500
003 OSt
005 20221005084252.0
006 a|||||r|||| 00| 0
007 ta
008 221004b |||||||| |||| 00| 0 eng d
020 _a0691096597
024 _a79387
037 _cTextual
040 _aCRL
_cCRL
_beng
041 _2eng
_aeng
082 _aX8(A).2v, P3
100 _aChibber Vivek
_9306171
245 0 _aLocked in place
_b State-building and late industrialization in India
260 _aNew Jersey
_bPrinceton University Press
_c2003
300 _a334p.
_ccm.
650 _aECONOMICS
942 _hX8(A).2v, P3
_cTEXL
_2cc
999 _c992258
_d992258